Ф. Лассаль (Запись № 5678543)

Подробности
000 -МАРКЕР
контрольное поле 03006nam0a22004931 4500
001 - ИДЕНТИФИКАТОР ЗАПИСИ
контрольное поле v19\rc\1601294
005 - ИДЕНТИФИКАТОР ВЕРСИИ
контрольное поле 20260406163818.0
035 ## - ДРУГИЕ СИСТЕМНЫЕ НОМЕРА
Идентификатор записи (NLR Aleph) 005238398
100 ## - ДАННЫЕ ОБЩЕЙ ОБРАБОТКИ
Данные общей обработки 20061002d1899 u y0rusy50 ca
101 0# - ЯЗЫК РЕСУРСА
Язык текста, звукозаписи и т.д. русский
102 ## - СТРАНА ПУБЛИКАЦИИ ИЛИ ПРОИЗВОДСТВА
Страна публикации Российская Федерация
105 ## - ПОЛЕ КОДИРОВАННЫХ ДАННЫХ: ТЕКСТОВЫЕ МАТЕРИАЛЫ, МОНОГРАФИЧЕСКИЕ
Кодированные данные о монографическом текстовом документе c z 000cd
135 ## - ПОЛЕ КОДИРОВАННЫХ ДАННЫХ: ЭЛЕКТРОННЫЕ РЕСУРСЫ
Кодированные данные для электронного ресурса crcn 024aaaba
200 1# - ЗАГЛАВИЕ И СВЕДЕНИЯ ОБ ОТВЕТСТВЕННОСТИ
Основное заглавие Ф. Лассаль
Сведения, относящиеся к заглавию его жизнь, научные труды и общественная деятельность
-- биогрический очерк В. Я. Классена
-- с портретом Лассаля, гравированным в Лейпциге Геданом
205 ## - СВЕДЕНИЯ ОБ ИЗДАНИИ
Сведения об издании 2-е изд.
210 ## - ПУБЛИКАЦИЯ, РАСПРОСТРАНЕНИЕ И ДР.
Место издания, распространения и т.д. С.-Петербург
Имя издателя, распространителя и т. д. Типография товарищества «Общественная польза»
Дата издания, распространения и т.д. 1899
215 ## - ФИЗИЧЕСКАЯ ХАРАКТЕРИСТИКА
Специфическое обозначение материала и объем 160 с., [1] л. портр.
Размеры 18
225 1# - СЕРИЯ
Основное заглавие серии Жизнь замечательных людей
Сведения, относящиеся к заглавию биографическая библиотека Ф. Павленкова
317 ## - ПРИМЕЧАНИЯ О ПРОИСХОЖДЕНИИ ЭКЗЕМПЛЯРА
Текст примечания Имеется также в Гос. лит. музее «XX век» в мемориальной б-ке М. М. Зощенко. Экз. с рукоп. карандаш. пометами (обл.) и владельч. автогр. М. М. Зощенко с порядковым номером кн. из личного собрания: № 1733 © СПбГБУК «Государственный литературный музей «XX век»
Организация и экземпляр, к которому относится поле ГЛМ «XX век»
320 ## - ПРИМЕЧАНИЯ О НАЛИЧИИ В ДОКУМЕНТЕ БИБЛИОГРАФИИ / УКАЗАТЕЛЯ
Текст примечания Библиогр.: с. 4 (22 назв.)
325 ## - ПРИМЕЧАНИЕ О КОПИИ
Текст примечания Электронная копия издания представлена фрагментарно из фонда Государственного литературного музея «ХХ век»
532 10 - РАСШИРЕННОЕ ЗАГЛАВИЕ
Заглавие Фердинанд Лассаль
600 #1 - ИМЯ ЛИЦА КАК ПРЕДМЕТ
Начальный элемент ввода Лассаль
Часть имени, кроме начального элемента ввода Ф.
Даты 1825 - 1864
Расширение инициалов личного имени Фердинанд
Системный номер авторитетной/нормативной записи 1356204
Идентификатор авторитетной/нормативной записи RU\NLR\AUTH\66252369
686 3# - ИНДЕКСЫ ДРУГИХ КЛАССИФИКАЦИЙ
Индекс Ф69(4Г)21
700 #1 - ИМЯ ЛИЦА - ПЕРВИЧНАЯ ОТВЕТСТВЕННОСТЬ
Графика поля Кириллица
Материалы, к которым относится поле rus
Начальный элемент ввода Классен
Часть имени, кроме начального элемента ввода В. Я.
Дополнения к именам, кроме дат очеркист
Системный номер авторитетной/нормативной записи 266185
Идентификатор авторитетной/нормативной записи RU\NLR\AUTH\770266241
702 #1 - ИМЯ ЛИЦА - ВТОРИЧНАЯ ОТВЕТСТВЕННОСТЬ
Код отношения Объект посвящения
Графика поля Кириллица
Материалы, к которым относится поле rus
Начальный элемент ввода Лассаль
Часть имени, кроме начального элемента ввода Ф.
Даты 1825-1864
Расширение инициалов личного имени Фердинанд
Системный номер авторитетной/нормативной записи 45840
Идентификатор авторитетной/нормативной записи RU\NLR\AUTH\7762910
702 #1 - ИМЯ ЛИЦА - ВТОРИЧНАЯ ОТВЕТСТВЕННОСТЬ
Код отношения Гравер
Графика поля Кириллица
Материалы, к которым относится поле rus
Начальный элемент ввода Гедан
Часть имени, кроме начального элемента ввода Г.
Дополнения к именам, кроме дат гравер
Даты 19 в.
Расширение инициалов личного имени Герман
Системный номер авторитетной/нормативной записи 58771
Идентификатор авторитетной/нормативной записи RU\NLR\AUTH\7775843
702 #1 - ИМЯ ЛИЦА - ВТОРИЧНАЯ ОТВЕТСТВЕННОСТЬ
Код отношения Бывший владелец
Графика поля Кириллица
Материалы, к которым относится поле rus
Начальный элемент ввода Зощенко
Часть имени, кроме начального элемента ввода М. М.
Даты 1894-1958
Расширение инициалов личного имени Михаил Михайлович
Системный номер авторитетной/нормативной записи 120112
Идентификатор авторитетной/нормативной записи RU\NLR\AUTH\7710334
801 #2 - ИСТОЧНИК ЗАПИСИ
Страна Российская Федерация
Организация NLR
Дата составления 20080412
Источник данных rusmarc
801 #0 - ИСТОЧНИК ЗАПИСИ
Страна Российская Федерация
Организация NLR
Дата составления 20061002
Правила каталогизации psbo
801 #0 - ИСТОЧНИК ЗАПИСИ
Страна Российская Федерация
Организация RuMoRGB
Дата составления 20061002
Источник данных psbo
801 #1 - ИСТОЧНИК ЗАПИСИ
Страна Российская Федерация
Организация ProSoft-M
Дата составления 20061002
Источник данных rusmarc
852 ## - МЕСТОНАХОЖДЕНИЕ И ШИФР ХРАНЕНИЯ
Идентификатор организации NLR
Шифр хранения (Call Number) 18.17.6.121
856 #0 - МЕСТОНАХОЖДЕНИЕ ЭЛЕКТРОННЫХ РЕСУРОВ И ДОСТУП К НИМ
Универсальный идентификатор ресурса (Uniform Resource Identifier) https://vivaldi.nlr.ru/ob000000377/view
856 #1 - МЕСТОНАХОЖДЕНИЕ ЭЛЕКТРОННЫХ РЕСУРОВ И ДОСТУП К НИМ
Универсальный идентификатор ресурса (Uniform Resource Identifier) https://vivaldi.nlr.ru/ob000000377/cover
856 #2 - МЕСТОНАХОЖДЕНИЕ ЭЛЕКТРОННЫХ РЕСУРОВ И ДОСТУП К НИМ
Универсальный идентификатор ресурса (Uniform Resource Identifier) https://vivaldi.nlr.ru/ob000000377/text
899 ## - ДАННЫЕ О МЕСТОНАХОЖДЕНИИ (устаревшее)
Местонахождение ГЛМ «XX век»
-- (Зощенко)
942 ## - ДОПОЛНИТЕЛЬНЫЕ ЭЛЕМЕНТЫ ЗАПИСИ (АБИС)
Тип экземпляра АБИС Книга
980 ## - КОЛЛЕКЦИЯ
Название коллекции Национальная библиография
981 47 - КОЛЛЕКЦИЯ ЭЛЕКТРОННОЙ БИБЛИОТЕКИ
Название коллекции
Экземпляры
Тип экземпляра Дата поступления Библиотека постоянного хранения Библиотека текущего хранения Место хранения Шифр хранения Штрих-код Статус экземпляра
Книга 26.10.2013 РНБ (Садовая) РНБ (Садовая) Русский книжный фонд -Главное здание, Ленинский читальный зал 18.17.6.121 5238398-10